| 000 | 01052nac a22002651u 4500 | ||
|---|---|---|---|
| 010 | _a 94044678 | ||
| 020 | _a0195097181 (acid-free) | ||
| 082 | 0 | 0 |
_a620.1064 _bFUL |
| 090 |
_c9606 _d9606 |
||
| 100 | _aFuller, Gerald G. | ||
| 245 | 1 | 0 |
_aOptical rheometry of complex fluids / _cGerald G. Fuller. |
| 260 |
_aNew York : _bOxford University Press,1995 _c1995. |
||
| 300 |
_axiv, 268 p. : _bill. ; _c25 cm. |
||
| 490 | 1 | _aTopics in chemical engineering | |
| 500 | _adistributer: Al-Ahram | ||
| 504 | _aIncludes bibliographical references (p. [245]-256) and indexes. | ||
| 511 | _acatalogued by: wessam | ||
| 650 | 0 | _aFluid dynamic measurements. | |
| 650 | 0 | _aComplex fluids. | |
| 650 | 0 | _aRheology. | |
| 830 | 0 | _aTopics in chemical engineering (Oxford University Press) | |
| 856 | 4 | 2 |
_3Publisher description _uhttp://www.loc.gov/catdir/enhancements/fy0605/94044678-d.html |
| 856 | 4 | 2 |
_3Table of contents only _uhttp://www.loc.gov/catdir/enhancements/fy0605/94044678-t.html |
| 942 |
_cBB _k620.1064FUL |
||
| 999 |
_c9606 _d9606 |
||